000 00749nam a22001337a 4500
040 _cRUA
082 _aAGR CHH 2017 B636 Or.1
100 _aCHHEANG SREYROTH ឈៀង ស្រីរដ្ឋ
245 _acomparison of different compost tea keeping on growth and yield of celery cabbage ( Brassica compestris)ប្រៀបធៀបរយះពេលធ្វើជីកំប៉ុស្តិ៍តែផ្សេងៗគ្នាទៅលើការលូតលាស់និងទិន្នផលរបស់ដំណាំស្ពៃចង្កិះ
260 _aRUA
_bphnom penh
_c2017
300 _ax;41p
_bill;
_c29cm
856 _uhttps://drive.google.com/file/d/1B5Ruuzk3q287GM8DjZBeDcECrrAKp8wF/view?usp=sharing
942 _cAGR
999 _c18002
_d18002